000 01293nam0a2200337 4500
001 RU\NLR\BIBL_A\012540848
005 20210705155956.0
010 _a978-5-04-110670-6
_95000
021 _aRU
_bКН-П-21-004098
_9КН-П-21-0312
035 _a(NLR Aleph) 012540848
035 _a(RuMoRGB)010560432
090 _a12400080
_c12400080
100 _a20210608d2021 e y0rusy50 ca
101 1 _arus
_ceng
102 _aRU
105 _ay z 000ay
181 0 _ai
_baxxe
182 0 _an
200 1 _aТайна чёрного амулета
_fДж. Р. Воллис
_g[перевод с английского М. Ш. Чомахидзе-Дорониной]
203 _aТекст
_bвизуальный
_cнепосредственный
210 _aМосква
_cЭксмо
_d2021
215 _a350, [2] с.
_d21
225 1 _aДжонс и Руби в пустынных землях. Фэнтези для подростков
_v2
333 _a12+
686 0 _aШ9(4Вл)62-4
700 1 _aВоллис
_bД. Р.
_gДж. Р.
_3RU\NLR\AUTH\770229435
942 _cBOOK
980 _aNB